000 002950000a22001090004500
090 _aAS
_bSeriadas
245 1 0 _aApuntamientos sobre el género Rauvolfia, III
041 0 _aEspañol
100 1 _aFernández Pérez, Alvaro
_994010
942 _cARTICULO
773 1 _tCaldasia
_345
_h53
_q55-56
_d1975
_g11
999 _c14551
_d14551